Family Feud #21 - Statistics

General Stats
  • This quiz has been taken 23 times
  • The average score is 2 of 7
Answer Stats
Hint Answer % Correct
31 Food
67%
9 Money/ Loan
67%
40 Trash
43%
8 Dog/ Pet
33%
5 Spouse/ Mate
10%
2 Library Books
0%
2 Life Insurance
0%
No matching quizzes found
Score Distribution
Percent of People with Each Score
Percentile by Number Answered
Your Score History
You have not taken this quiz